ბათუმის შოთა რუსთაველის სახელმწიფო უნივერსიტეტის ბიბლიოთეკა

Спектроскопия низкотемпературной плазмы (ბიბ.ჩანაწერი № 35197)

000 -LEADER
fixed length control field 00674nam a2200241Ia 4500
001 - CONTROL NUMBER
control field 1043
003 - CONTROL NUMBER IDENTIFIER
control field GE_BSU
008 - FIXED-LENGTH DATA ELEMENTS--GENERAL INFORMATION
fixed length control field 181216s||||||||xx |||||||||||||| ||und||
020 ## - INTERNATIONAL STANDARD BOOK NUMBER
International Standard Book Number 9785922111720
040 ## - CATALOGING SOURCE
Transcribing agency GE_BSU
080 ## - UNIVERSAL DECIMAL CLASSIFICATION NUMBER
Universal Decimal Classification number 535.33(075.8)
100 ## - MAIN ENTRY--PERSONAL NAME
Personal name Очкин,В.Н.
245 ## - TITLE STATEMENT
Title Спектроскопия низкотемпературной плазмы
250 ## - EDITION STATEMENT
Edition statement 2-е испр.и допол.
260 ## - PUBLICATION, DISTRIBUTION, ETC.
Place of publication, distribution, etc. Москва
260 ## - PUBLICATION, DISTRIBUTION, ETC.
Name of publisher, distributor, etc. Физматлит
260 ## - PUBLICATION, DISTRIBUTION, ETC.
Date of publication, distribution, etc. 2010
300 ## - PHYSICAL DESCRIPTION
Extent 590стр.
653 ## - INDEX TERM--UNCONTROLLED
Uncontrolled term Спектроскопия низкотемпературной плазмы
653 ## - INDEX TERM--UNCONTROLLED
Uncontrolled term Физика
942 ## - ADDED ENTRY ELEMENTS (KOHA)
Koha item type წიგნი
ეგზემპლარები
Withdrawn status Lost status Damaged status Not for loan Date acquired Barcode Date last seen Price effective from Koha item type Public note
        2018-12-17 2453 2018-12-17 2018-12-17 წიგნი დარბაზი
        2018-12-17 2454 2018-12-17 2018-12-17 წიგნი დარბაზი